<?xml version="1.0" encoding="UTF-8"?><?xml-stylesheet type="text/xsl" href="static/style.xsl"?><OAI-PMH xmlns="http://www.openarchives.org/OAI/2.0/" xmlns:xsi="http://www.w3.org/2001/XMLSchema-instance" xsi:schemaLocation="http://www.openarchives.org/OAI/2.0/ http://www.openarchives.org/OAI/2.0/OAI-PMH.xsd"><responseDate>2026-06-01T06:16:52Z</responseDate><request verb="GetRecord" identifier="oai:riuma.uma.es:10630/34600" metadataPrefix="marc">https://riuma.uma.es/rest/oai/request</request><GetRecord><record><header><identifier>oai:riuma.uma.es:10630/34600</identifier><datestamp>2026-02-03T12:29:53Z</datestamp><setSpec>com_10630_2254</setSpec><setSpec>col_10630_37959</setSpec></header><metadata><record xmlns="http://www.loc.gov/MARC21/slim" xmlns:dcterms="http://purl.org/dc/terms/" xmlns:doc="http://www.lyncode.com/xoai" xmlns:xsi="http://www.w3.org/2001/XMLSchema-instance" xsi:schemaLocation="http://www.loc.gov/MARC21/slim http://www.loc.gov/standards/marcxml/schema/MARC21slim.xsd">
   <leader>00925njm 22002777a 4500</leader>
   <datafield ind2=" " ind1=" " tag="042">
      <subfield code="a">dc</subfield>
   </datafield>
   <datafield ind2=" " ind1=" " tag="720">
      <subfield code="a">Labella Vera, Alejandro Manuel</subfield>
      <subfield code="e">author</subfield>
   </datafield>
   <datafield ind2=" " ind1=" " tag="720">
      <subfield code="a">Gémez Mata, Juan</subfield>
      <subfield code="e">author</subfield>
   </datafield>
   <datafield ind2=" " ind1=" " tag="720">
      <subfield code="a">Vera, Isabel</subfield>
      <subfield code="e">author</subfield>
   </datafield>
   <datafield ind2=" " ind1=" " tag="720">
      <subfield code="a">Bandin, Isabel</subfield>
      <subfield code="e">author</subfield>
   </datafield>
   <datafield ind2=" " ind1=" " tag="720">
      <subfield code="a">Leiva Rebollo, Rocío</subfield>
      <subfield code="e">author</subfield>
   </datafield>
   <datafield ind2=" " ind1=" " tag="720">
      <subfield code="a">Borrego-García, Juan José</subfield>
      <subfield code="e">author</subfield>
   </datafield>
   <datafield ind2=" " ind1=" " tag="720">
      <subfield code="a">García-Rosado, Esther</subfield>
      <subfield code="e">author</subfield>
   </datafield>
   <datafield ind2=" " ind1=" " tag="260">
      <subfield code="c">2019</subfield>
   </datafield>
   <datafield ind2=" " ind1=" " tag="520">
      <subfield code="a">Nervous necrosis virus (NNV) is the causative agent of the viral encephalopathy&#xd;
and retinopathy, a disease that affects cultured Senegalese sole (Solea senegalensis). A NNV reassortant (Ss160.03), combining genomic&#xd;
segments from red-spotted grouper nervous necrosis virus (RGNNV) and&#xd;
striped jack nervous necrosis virus (SJNNV) genotypes, has been previously&#xd;
isolated from Senegalese sole, being highly virulent to this fish species. The&#xd;
RNA-Seq technology has been used in a previous study to comparatively&#xd;
analyse Senegalese sole transcriptomes in two organs (head kidney and&#xd;
eye/brain) after infection with two NNV virus with different levels of&#xd;
virulence to that fish species, a highly virulent reassortant isolate&#xd;
(wSs160.03) and a less virulent mutant reassortant obtained by reverse&#xd;
genetics (rSs160.03247þ270). To validate previous RNA-Seq results, a 112-&#xd;
assay OpenArray® platform (Thermofisher) has been designed. This platform&#xd;
included 89 genes chosen according to transcriptomic changes&#xd;
observed by RNA-Seq (covering PRRs, type I IFN response, signal transduction,&#xd;
inflammation, virus responsive genes, and apoptosis), 17 genes&#xd;
selected based on their previously described relation with the immune&#xd;
response against fish viral infections, and 6 control genes (including 3&#xd;
endogenous genes and 3 viral genes).</subfield>
   </datafield>
   <datafield ind1="8" ind2=" " tag="024">
      <subfield code="a">A. Labella, J. Gémez, I. Vera, I. Bandín, R. Leiva, J.J. Borrego, E. Garcia-Rosado, Analysis of gene expression in nodavirus-inoculated Senegalese sole using a new Openarray® platform, Fish &amp; Shellfish Immunology, Volume 91, 2019, Pages 391-392, ISSN 1050-4648, https://doi.org/10.1016/j.fsi.2019.04.077. (https://www.sciencedirect.com/science/article/pii/S1050464819303158)</subfield>
   </datafield>
   <datafield ind1="8" ind2=" " tag="024">
      <subfield code="a">https://hdl.handle.net/10630/34600</subfield>
   </datafield>
   <datafield ind1="8" ind2=" " tag="024">
      <subfield code="a">10.1016/j.fsi.2019.04.077</subfield>
   </datafield>
   <datafield tag="653" ind2=" " ind1=" ">
      <subfield code="a">Peces - Agentes patógenos</subfield>
   </datafield>
   <datafield ind2="0" ind1="0" tag="245">
      <subfield code="a">Analysis of gene expression in nodavirus-inoculated Senegalese sole using a new Openarray® platform.</subfield>
   </datafield>
</record>
</metadata></record></GetRecord></OAI-PMH>